00561nam a2200205 a 4500001001300000003000900013005001700022008004100039020002300080082002200103100002400125245004400149260004100193300000900234500003500243505001000278650002200288650002100310700002400331nice12345678IN_TiNIC20260116013910.0050524s1989 newa grp 000 0 eng  a8170366 c29500a323.39710954bSRI aSrinivasan, Nirmala aPrisoners of Faithb a View from Within aNew Delhi bSage Publications c1989 a219p aincludes index and biblioraphy2 aIndex aCommunalism-India aMinorities-India1 aSrinivasan, Nirmala